[Event "Natal zt 2.4"]
[Site "Natal"]
[Date "2022.10.04"]
[Round "3"]
[White "Nunes, Marcelo Basilio"]
[Black "Carneiro, Breno B De Siqueira"]
[Result "0-1"]
[WhiteElo "1939"]
[BlackElo "1557"]
[PlyCount "130"]
[EventDate "2022.10.03"]
[EventType "swiss"]
[EventRounds "9"]
[EventCountry "BRA"]
[SourceTitle "EXT 2024"]
[Source "ChessBase"]
[SourceDate "2023.10.10"]
[SourceVersion "1"]
[SourceVersionDate "2023.10.10"]
[SourceQuality "1"]

1. d4 Nf6 2. Nf3 d5 3. c4 e6 4. e3 a6 5. c5 Bd7 6. Nc3 Be7 7. Bd3 0-0 8. 0-0 b6 9. cxb6 cxb6 10. Ne5 b5 11. a3 Ne8 12. f4 f5 13. Bd2 Nd6 14. b3 Nc6 15. Qh5 Be8 16. Qh3 Nxe5 17. fxe5 Nf7 18. Qf3 g5 19. Qd1 g4 20. Ne2 Ng5 21. Nf4 Bd7 22. Bb4 Bxb4 23. axb4 Qe7 24. Qd2 Qf7 25. Rfc1 Rfc8 26. Rc5 Rxc5 27. bxc5 Bc6 28. Ra5 Qb7 29. b4 Kg7 30. Qf2 Qd7 31. Nh5+ Kg6 32. Nf4+ Kg7 33. Kf1 Ne4 34. Bxe4 dxe4 35. Nh5+ Kg6 36. Nf6 Qg7 37. Qh4 Qh6 38. Qxh6+ Kxh6 39. Kf2 Kg6 40. Kg3 h6 41. Ra1 Ra7 42. h3 gxh3 43. gxh3 Ra8 44. Ra5 Ra7 45. Kf4 Ra8 46. Ra1 a5 47. bxa5 b4 48. a6 b3 49. Rb1 Ba4 50. Rb2 Rxa6 51. Kg3 Ra8 52. Kf2 Kg5 53. Kg3 Rb8 54. h4+ Kg6 55. Kf2 Bc6 56. Ke1 f4 57. exf4 Kf5 58. Kd2 Kxf4 59. Ke1 e3 60. d5 exd5 61. e6 d4 62. e7 d3 63. e8Q d2+ 64. Rxd2 exd2+ 65. Kxd2 Bxe8 0-1

[Event "BRA-ch U2300 Amateurs"]
[Site "Sao Paulo"]
[Date "2022.06.18"]
[Round "6"]
[White "De Carvalho, Amauri"]
[Black "Carneiro, Breno B De Siqueira"]
[Result "0-1"]
[WhiteElo "1201"]
[BlackElo "1565"]
[PlyCount "93"]
[EventDate "2022.06.16"]
[EventType "swiss"]
[EventRounds "7"]
[EventCountry "BRA"]
[SourceTitle "CBM 208 Extra"]
[Source "ChessBase"]
[SourceDate "2022.07.31"]
[SourceVersion "1"]
[SourceVersionDate "2022.07.31"]
[SourceQuality "1"]

1. Nf3 d5 2. g3 Nf6 3. Bg2 g6 4. 0-0 Bg7 5. d3 0-0 6. Nbd2 c5 7. Re1 Nc6 8. e4 dxe4 9. dxe4 e5 10. c3 b5 11. Nf1 Qe7 12. Bg5 h6 13. Bd2 Bb7 14. Qc1 Kh7 15. h4 a5 16. N3h2 a4 17. a3 Na5 18. Rb1 Nb3 19. Qc2 c4 20. Ne3 Rfd8 21. Rbd1 Rd3 22. Neg4 Nxg4 23. Nxg4 Rad8 24. Bc1 Bc8 25. Ne3 Be6 26. Bf1 Nc5 27. Bg2 Qd7 28. Bf3 f5 29. exf5 gxf5 30. Qe2 e4 31. Bh5 Be5 32. Nc2 Qg7 33. Kf1 Rg8 34. Be3 Nb3 35. Nb4 Kh8 36. Qc2 Bf7 37. Bxf7 Qxf7 38. Nc6 Bf6 39. Nd4 Qg6 40. Ne6 Be5 41. Nf4 Bxf4 42. Bxf4 Qg4 43. Bxh6 Qh3+ 44. Ke2 Qg2 45. Be3 Qf3+ 46. Kf1 Rxg3 47. Re2 0-1

[Event "Pan American-ch U1700"]
[Site "Timbo"]
[Date "2021.12.02"]
[Round "4"]
[White "Carneiro, Breno B De Siqueira"]
[Black "Venter, Paulo Regis"]
[Result "0-1"]
[WhiteElo "1587"]
[BlackElo "1608"]
[PlyCount "101"]
[EventDate "2021.12.01"]
[EventType "swiss"]
[EventRounds "9"]
[EventCountry "BRA"]
[SourceTitle "CBM 205 Extra"]
[Source "ChessBase"]
[SourceDate "2022.01.31"]
[SourceVersion "1"]
[SourceVersionDate "2022.01.31"]
[SourceQuality "1"]

1. d4 Nf6 2. Bf4 e6 3. e3 d5 4. Nf3 Nbd7 5. Bd3 Be7 6. 0-0 Nh5 7. Bg3 0-0 8. c4 c6 9. Nc3 Nxg3 10. hxg3 Nf6 11. Qc2 b6 12. Ne5 Bb7 13. a4 a5 14. g4 dxc4 15. Bxc4 h6 16. Ne2 Bd6 17. f3 Nd5 18. Bxd5 cxd5 19. f4 Qh4 20. Rf3 Rfc8 21. Qd1 Bxe5 22. fxe5 Qxg4 23. Rg3 Qh5 24. Qd2 Qf5 25. Nc3 Ba6 26. Rf3 Qg6 27. Qf2 Ra7 28. Rg3 Qh7 29. Rg4 Bd3 30. Kh2 h5 31. Rg5 Qh6 32. Qh4 g6 33. Rd1 Be4 34. Nb5 Rd7 35. Nd6 Rc2 36. Ne8 Kf8 37. Nf6 Rdc7 38. Rf1 Rxb2 39. Qh3 Rcc2 40. Nxe4 dxe4 41. Qxe6 Rf2 42. Rxf2 Rxf2 43. Qd6+ Kg7 44. Qe7 h4 45. e6 h3 46. Kg3 Rxg2+ 47. Kf4 Qxg5+ 48. Qxg5 Rxg5 49. Kxg5 h2 50. e7 h1Q 51. e8Q 0-1

[Event "BRA-ch Amateur U1600"]
[Site "Sao Paulo"]
[Date "2018.06.02"]
[Round "5"]
[White "Martins, Andre Giacomazzi"]
[Black "Carneiro, Breno B De Siqueira"]
[Result "1/2-1/2"]
[WhiteElo "1494"]
[BlackElo "1568"]
[PlyCount "88"]
[EventDate "2018.05.31"]
[EventType "swiss"]
[EventRounds "7"]
[EventCountry "BRA"]
[SourceTitle "EXT 2021"]
[Source "ChessBase"]
[SourceDate "2020.10.23"]
[SourceVersion "1"]
[SourceVersionDate "2020.10.23"]
[SourceQuality "1"]

1. d4 Nf6 2. Bg5 e6 3. e4 Be7 4. Bd3 d5 5. e5 Nfd7 6. Bxe7 Qxe7 7. c3 c5 8. Nd2 Nc6 9. Ngf3 cxd4 10. cxd4 Qb4 11. Qb3 0-0 12. 0-0 Qxb3 13. Nxb3 b6 14. a3 Bb7 15. Rac1 Rac8 16. Bb5 Ndb8 17. Nfd2 Ba6 18. Bxa6 Nxa6 19. Rc3 Ne7 20. Rfc1 Rxc3 21. Rxc3 f6 22. f4 fxe5 23. fxe5 Rf4 24. Rf3 Rg4 25. h3 Rg6 26. Kf2 Rg5 27. Rg3 Rf5+ 28. Nf3 Ng6 29. Rg5 Nf4 30. Ke3 Ng6 31. Rxf5 exf5 32. g3 Nc7 33. Nc1 Kf8 34. Ne2 Ne6 35. Nd2 Ne7 36. Nf4 Nxf4 37. Kxf4 Kf7 38. Nb1 h6 39. h4 g6 40. Nc3 Ke6 41. Nb5 Nc6 42. Ke3 Na5 43. Nc7+ Kd7 44. Nxd5 Nc4+ 1/2-1/2

[Event "BRA-ch Amateur U1600"]
[Site "Sao Paulo"]
[Date "2018.05.31"]
[Round "2"]
[White "Carneiro, Breno B De Siqueira"]
[Black "Barberi, Catarina"]
[Result "1-0"]
[WhiteElo "1568"]
[BlackElo "1223"]
[PlyCount "79"]
[EventDate "2018.05.31"]
[EventType "swiss"]
[EventRounds "7"]
[EventCountry "BRA"]
[SourceTitle "EXT 2021"]
[Source "ChessBase"]
[SourceDate "2020.10.23"]
[SourceVersion "1"]
[SourceVersionDate "2020.10.23"]
[SourceQuality "1"]

1. b4 Nf6 2. Bb2 e6 3. a3 g6 4. e3 Bg7 5. c4 0-0 6. Nf3 d6 7. Be2 e5 8. d3 h6 9. Nbd2 Be6 10. 0-0 Nbd7 11. Qc2 b6 12. d4 Ne8 13. dxe5 Nxe5 14. Nxe5 Bxe5 15. Bxe5 dxe5 16. Bf3 Rb8 17. Rfd1 Qe7 18. Be4 f5 19. Bd5 Bxd5 20. cxd5 b5 21. Nf3 g5 22. Qc3 e4 23. Nd4 Qe5 24. Qb3 Qd6 25. Ne6 Rf7 26. Rac1 Ng7 27. Rc6 Qe5 28. Nxc7 Rxc7 29. d6+ Rf7 30. d7 Ne8 31. Rc8 Rxc8 32. dxc8Q Kf8 33. Qc5+ Re7 34. Qxe5 Rxe5 35. Qc3 Re7 36. Rd8 Kf7 37. h3 Rc7 38. Qxc7+ Nxc7 39. Rd7+ Ke6 40. Rxc7 1-0

[Event "BRA-ch Amateur U1600"]
[Site "Sao Paulo"]
[Date "2018.05.31"]
[Round "1"]
[White "Conrado, Carlos Alberto"]
[Black "Carneiro, Breno B De Siqueira"]
[Result "1-0"]
[WhiteElo "1309"]
[BlackElo "1568"]
[PlyCount "85"]
[EventDate "2018.05.31"]
[EventType "swiss"]
[EventRounds "7"]
[EventCountry "BRA"]
[SourceTitle "EXT 2021"]
[Source "ChessBase"]
[SourceDate "2020.10.23"]
[SourceVersion "1"]
[SourceVersionDate "2020.10.23"]
[SourceQuality "1"]

1. d4 Nf6 2. c4 e6 3. Nc3 Bb4 4. e3 c5 5. Nf3 Ne4 6. Qc2 Qa5 7. Bd2 Nxd2 8. Nxd2 cxd4 9. exd4 Bxc3 10. bxc3 d6 11. Bd3 h6 12. 0-0 Nd7 13. Ne4 Qc7 14. Ng3 Nf6 15. f4 Bd7 16. f5 e5 17. Ne4 0-0-0 18. Qf2 Kb8 19. Rab1 Nxe4 20. Bxe4 Bc6 21. d5 Bd7 22. Qe2 Qc5+ 23. Kh1 Rc8 24. Rb4 a5 25. Rb3 Qxc4 26. Bd3 Qxd5 27. Be4 Qxb3 28. axb3 Rxc3 29. Qd2 Rhc8 30. Qxd6+ R8c7 31. Rd1 Bb5 32. Qf8+ Ka7 33. h3 Rxb3 34. Qxg7 Rcc3 35. Qxf7 Be2 36. Rd7 Ba6 37. Qd5 Rb5 38. Qd2 Rbc5 39. f6 Rc1+ 40. Kh2 Rf1 41. Bf3 h5 42. Rd8 Rcc1 43. Qe3+ 1-0